000 00639nam a2200277Ia 4500
005 20260324115219.0
008 008 260324s9999 xx 000 0 eng d
020 _a9781315115351
037 _aEBOOK
040 _aCRL
040 _beng
040 _cCRL
041 _2eng
041 _aeng
084 _qCRL
100 _aJohn Girkin
_91153799
245 2 _aA Practical Guide to Optical Microscopy
260 _bTaylor and Francis
260 _c2019
365 _a
365 _b435
856 _uhttp://www.taylorfrancis.com/books/9781315115351
942 _cEBOOK
999 _c1744523
_d1744523